000 00258nam a2200109Ia 4500
008 201217s9999 xx 000 0 und d
100 _aBarfield, Owen
245 0 _aWorld Apart
260 _aMiddletown
_bWesleyan University Press
300 _a211
942 _cBK
999 _c7456
_d7456